000 00542nam a2200169Ia 4500
008 090123s9999 xx 000 0 und d
082 _b1025
100 _aघाटे विठ्टलराव
245 _aदिवस असे होते
250 _a1
260 _bभागवत वा.पु.
600 _aघाटे विठ्टलराव
630 _aदिवस असे होते
700 _aघाटे विठ्टलराव
730 _aदिवस असे होते
942 _cBOOK
999 _c39110
_d39110